[Event "Titled Tuesday 9th Feb"]
[Site "chess.com INT"]
[Date "2021.02.09"]
[Round "6"]
[White "Terry, R."]
[Black "Costachi, M."]
[Result "1-0"]
[WhiteElo "2504"]
[BlackElo "2471"]
[PlyCount "147"]
[EventDate "2021.02.09"]
[SourceTitle "The Week in Chess 1371"]
[Source "Mark Crowther"]
[SourceDate "2021.02.15"]
[SourceVersion "2"]
[SourceVersionDate "2021.02.15"]
[SourceQuality "2"]

1. e4 e5 2. Nf3 Nc6 3. c3 d5 4. Qa4 dxe4 5. Nxe5 Qd5 6. Nxc6 bxc6 7. Bc4 Qd6 8.
d3 exd3 9. O-O Be6 10. Bxd3 Nf6 11. Bf4 Qd7 12. Rd1 Bd6 13. Bg5 Ng4 14. h3 Ne5
15. Be2 O-O 16. Nd2 f6 17. Be3 Qe7 18. Ne4 f5 19. Bg5 Qf7 20. Nxd6 cxd6 21.
Rxd6 Bd5 22. Bf4 Ng6 23. Bh5 Rae8 24. Bxg6 hxg6 25. Qd4 Re4 26. Qd2 Rfe8 27. b3
Re2 28. Qd1 a5 29. c4 Qa7 30. Qf1 Bf7 31. Rd8 R2e4 32. Rxe8+ Bxe8 33. Be3 Qe7
34. Rd1 f4 35. Bd4 a4 36. Qd3 c5 37. Bxc5 Re1+ 38. Rxe1 Qxe1+ 39. Kh2 axb3 40.
axb3 Bf7 41. Qd8+ Kh7 42. Qh4+ Kg8 43. Qxf4 Qc3 44. Bd4 Qxb3 45. Qe5 Kf8 46.
Qxg7+ Ke8 47. Qh8+ Kd7 48. c5 Qd5 49. Qe5 Qc4 50. f3 Kc6 51. Qd6+ Kb5 52. Bf2
g5 53. Qe5 g4 54. hxg4 Bd5 55. Bd4 Bc6 56. Qe3 Qg8 57. Be5 Qh7+ 58. Kg3 Qh1 59.
Bd6 Kc4 60. Qf4+ Kb5 61. Qd2 Kc4 62. Qc2+ Kb5 63. Qb2+ Kc4 64. Qe2+ Kc3 65. g5
Qh5 66. Qe5+ Kc4 67. Qf4+ Kb3 68. Qg4 Qg6 69. Qf4 Qh5 70. Qf6 Ka4 71. g6 Kb5
72. g7 Qh7 73. Qf7 Qxg7+ 74. Qxg7 1-0

[Event "Ville d'Orsay On/L Blitz"]
[Site "Europe-Echecs INT"]
[Date "2021.02.07"]
[Round "6"]
[White "Droin, Augustin"]
[Black "Sonis, Francesco"]
[Result "1-0"]
[WhiteElo "2289"]
[BlackElo "2477"]
[PlyCount "73"]
[EventDate "2021.02.07"]
[EventType "blitz"]
[SourceTitle "The Week in Chess 1370"]
[Source "Mark Crowther"]
[SourceDate "2021.02.08"]
[SourceVersion "1"]
[SourceVersionDate "2021.02.08"]
[SourceQuality "2"]

1. e4 e5 2. Nf3 Nc6 3. c3 Nf6 4. d4 d6 5. dxe5 Nxe5 6. Nxe5 dxe5 7. Qxd8+ Kxd8
8. f3 Be6 9. Be3 c6 10. Nd2 Kc7 11. Bc4 Re8 12. a4 Kb8 13. Ke2 Nd7 14. Rhd1 Nb6
15. Bxe6 Rxe6 16. a5 Nc8 17. Nc4 Kc7 18. Rd3 Be7 19. Rad1 Rd8 20. Rxd8 Bxd8 21.
f4 b5 22. Nxe5 Nd6 23. Bxa7 f6 24. Bb6+ Kb7 25. Bxd8 fxe5 26. f5 Rh6 27. Bg5
Rh5 28. Rxd6 Rxg5 29. Kf3 h5 30. h4 Rg4 31. g3 Ka6 32. b4 Kb7 33. Re6 Kc7 34.
Rxe5 Kd7 35. Re6 g5 36. Rg6 gxh4 37. Rxg4 1-0

[Event "Ville d'Orsay On/L Blitz"]
[Site "Europe-Echecs INT"]
[Date "2021.02.07"]
[Round "1"]
[White "Staune, Jean"]
[Black "Maghsoodloo, Parham"]
[Result "0-1"]
[WhiteElo "1719"]
[BlackElo "2676"]
[PlyCount "38"]
[EventDate "2021.02.07"]
[EventType "blitz"]
[SourceTitle "The Week in Chess 1370"]
[Source "Mark Crowther"]
[SourceDate "2021.02.08"]
[SourceVersion "1"]
[SourceVersionDate "2021.02.08"]
[SourceQuality "2"]

1. e4 e5 2. Nf3 Nc6 3. c3 Nf6 4. d4 exd4 5. e5 Nd5 6. cxd4 Bb4+ 7. Bd2 d6 8.
Bxb4 Ndxb4 9. Be2 dxe5 10. Nxe5 Qxd4 11. Nxc6 Qxd1+ 12. Bxd1 Nxc6 13. O-O Be6
14. Nc3 O-O-O 15. Bf3 Nd4 16. Be4 f5 17. Bb1 Rhe8 18. Re1 Bc4 19. b3 Rxe1# 0-1

[Event "Titled Tuesday 26th Jan"]
[Site "chess.com INT"]
[Date "2021.01.26"]
[Round "3"]
[White "Swicarz, M."]
[Black "Paravyan, D."]
[Result "0-1"]
[WhiteElo "2341"]
[BlackElo "2647"]
[PlyCount "68"]
[EventDate "2021.01.26"]
[SourceTitle "The Week in Chess 1369"]
[Source "Mark Crowther"]
[SourceDate "2021.02.01"]
[SourceVersion "1"]
[SourceVersionDate "2021.02.01"]
[SourceQuality "2"]

1. e4 e5 2. Nf3 Nc6 3. c3 Nf6 4. d4 Nxe4 5. d5 Bc5 6. dxc6 Bxf2+ 7. Ke2 bxc6 8.
Nbd2 Ba6+ 9. c4 Nxd2 10. Qxd2 Bb6 11. b3 O-O 12. Bb2 d5 13. Kd1 dxc4 14. Bxc4
Bxc4 15. bxc4 e4 16. Ne5 Qe8 17. Kc2 f6 18. Ng4 e3 19. Qd3 Rd8 20. Qf5 Rd2+ 21.
Kb3 h5 22. h3 e2 23. Bc3 Rd8 24. Nh2 Qf7 25. Qe4 Rfe8 26. Qxc6 Re6 27. Qb5 Re3
28. Rac1 Rdd3 29. Nf3 Qe6 30. Qxh5 c5 31. Rhe1 Ba5 32. Qxc5 Bxc3 33. Rxe2 Bd4+
34. Ka4 Bxc5 0-1

[Event "Titled Tuesday 26th Jan"]
[Site "chess.com INT"]
[Date "2021.01.26"]
[Round "2"]
[White "Rakhmangulova, A."]
[Black "Gabrielian, A."]
[Result "0-1"]
[WhiteElo "2167"]
[BlackElo "2464"]
[PlyCount "32"]
[EventDate "2021.01.26"]
[SourceTitle "The Week in Chess 1369"]
[Source "Mark Crowther"]
[SourceDate "2021.02.01"]
[SourceVersion "1"]
[SourceVersionDate "2021.02.01"]
[SourceQuality "2"]

1. e4 e5 2. Nf3 Nc6 3. c3 d5 4. Qa4 f6 5. Bb5 dxe4 6. Bxc6+ bxc6 7. Qxc6+ Bd7
8. Qxe4 Ne7 9. O-O Bc6 10. Qe2 Ng6 11. d4 e4 12. Nfd2 f5 13. f3 Nf4 14. Qe3 Qg5
15. Qxf4 Qxf4 16. Nxe4 Qh4 0-1

[Event "Titled Tuesday 26th Jan"]
[Site "chess.com INT"]
[Date "2021.01.26"]
[Round "1"]
[White "Cagara, P."]
[Black "Seul, G."]
[Result "0-1"]
[WhiteElo "2027"]
[BlackElo "2372"]
[PlyCount "90"]
[EventDate "2021.01.26"]
[SourceTitle "The Week in Chess 1369"]
[Source "Mark Crowther"]
[SourceDate "2021.02.01"]
[SourceVersion "1"]
[SourceVersionDate "2021.02.01"]
[SourceQuality "2"]

1. e4 e5 2. Nf3 Nc6 3. c3 Nf6 4. d4 exd4 5. e5 Nd5 6. cxd4 Bb4+ 7. Bd2 d6 8.
Bb5 O-O 9. Bxc6 bxc6 10. O-O Bxd2 11. Nbxd2 Bf5 12. Qa4 Bd3 13. Rfe1 Bb5 14.
Qc2 Nb4 15. Qc3 Nd3 16. Re3 Nf4 17. Rae1 Nd5 18. Qc2 Nxe3 19. fxe3 a5 20. a4
Ba6 21. Qxc6 h6 22. Ne4 Ra7 23. exd6 Bb7 24. Qc5 Qa8 25. Ned2 cxd6 26. Qxd6 Ra6
27. Qg3 Rg6 28. Qf4 Rc8 29. e4 Qa7 30. Kh1 Qb6 31. Ne5 Rf6 32. Qe3 Qxb2 33.
Ndc4 Qb4 34. h3 Rxc4 35. Nxc4 Qxc4 36. d5 Rf1+ 37. Rxf1 Qxf1+ 38. Kh2 Qa6 39.
e5 Bxd5 40. Qd4 Qc6 41. Kg3 Qc4 42. Qb6 Qe4 43. Qd8+ Kh7 44. Qxa5 Qxg2+ 45. Kf4
Qf3# 0-1

[Event "7th Floripa Open 2021"]
[Site "Florianopolis BRA"]
[Date "2021.01.19"]
[Round "2.1"]
[White "Delgado Ramirez, N."]
[Black "Fernandes Filho, Bergson Fragoso"]
[Result "1-0"]
[WhiteElo "2621"]
[BlackElo "2128"]
[PlyCount "68"]
[EventDate "2021.01.18"]
[SourceTitle "The Week in Chess 1368"]
[Source "Mark Crowther"]
[SourceDate "2021.01.25"]
[SourceVersion "2"]
[SourceVersionDate "2021.01.26"]
[SourceQuality "2"]

1. e4 e5 2. Nf3 Nc6 3. c3 d5 4. Qa4 Bd7 5. exd5 Nd4 6. Qd1 Nxf3+ 7. Qxf3 Nf6 8.
Bc4 e4 9. Qe2 Bd6 10. d4 h6 11. h3 O-O 12. Be3 Re8 13. Nd2 a6 14. Bb3 b5 15.
O-O Qe7 16. f3 exf3 17. Rxf3 Ng4 18. hxg4 Bxg4 19. Nf1 f5 20. Qf2 Bxf3 21. Qxf3
Rf8 22. Bc2 Rae8 23. a4 f4 24. Bd2 Qh4 25. axb5 axb5 26. Nh2 Re3 27. Qf2 Rg3
28. Nf3 Qh3 29. Qe2 Qh5 30. Qe6+ Kh8 31. Qe4 Kg8 32. Be1 Rxg2+ 33. Kxg2 Qg4+
34. Kf1 Qh3+ 1-0

[Event "Titled Tuesday 12th Jan"]
[Site "chess.com INT"]
[Date "2021.01.12"]
[Round "11"]
[White "Legenia, Artem"]
[Black "Khairat, Ahmed"]
[Result "1-0"]
[WhiteElo "2144"]
[BlackElo "2211"]
[PlyCount "155"]
[EventDate "2021.01.12"]
[SourceTitle "The Week in Chess 1367"]
[Source "Mark Crowther"]
[SourceDate "2021.01.18"]
[SourceVersion "1"]
[SourceVersionDate "2021.01.18"]
[SourceQuality "2"]

1. e4 e5 2. Nf3 Nc6 3. c3 d5 4. Bb5 f6 5. d4 dxe4 6. Nxe5 fxe5 7. Qh5+ g6 8.
Bxc6+ bxc6 9. Qxe5+ Kf7 10. Qxh8 Nf6 11. Bh6 Ba6 12. Qxf8+ Qxf8 13. Bxf8 Rxf8
14. Nd2 Ke6 15. h3 Kd5 16. Nf1 Kd6 17. Ne3 Nd5 18. Nxd5 cxd5 19. Rd1 c5 20.
dxc5+ Kxc5 21. Rd4 Bc4 22. b3 Bd3 23. f3 a5 24. Kf2 Kd6 25. Ke3 Ke5 26. f4+ Ke6
27. Rd1 h5 28. g3 g5 29. Ra4 gxf4+ 30. gxf4 Rg8 31. Rxa5 Rg3+ 32. Kd4 Bc2 33.
Rd2 Bb1 34. Rxd5 Rxh3 35. Re5+ Kf6 36. Re2 Rd3+ 37. Kc4 Rf3 38. Rxh5 Rxf4 39.
Rh6+ Kg5 40. Rhh2 Bd3+ 41. Kd4 Bxe2 42. Rxe2 Kf5 43. a4 Rf1 44. a5 Rd1+ 45. Kc5
Kf4 46. b4 Kf3 47. Rh2 e3 48. a6 Rd2 49. Rh3+ Kf2 50. a7 Ra2 51. Kb6 e2 52.
Rh2+ Ke3 53. Rxe2+ Kxe2 54. Kb7 Kd3 55. b5 Kc4 56. b6 Kc5 57. c4 Rb2 58. a8=Q
Rxb6+ 59. Kc8 Kxc4 60. Qa4+ Rb4 61. Qc6+ Kb3 62. Kd7 Rd4+ 63. Ke6 Rc4 64. Qb5+
Kc3 65. Kd5 Rd4+ 66. Ke5 Rc4 67. Qa5+ Kd3 68. Qa3+ Rc3 69. Qd6+ Kc2 70. Ke4
Rc4+ 71. Ke3 Rc3+ 72. Ke2 Kb3 73. Qb6+ Kc2 74. Qb5 Rb3 75. Qc4+ Rc3 76. Qa2+
Kc1 77. Qd2+ Kb1 78. Qxc3 1-0

[Event "Titled Tuesday 12th Jan"]
[Site "chess.com INT"]
[Date "2021.01.12"]
[Round "9"]
[White "Swicarz, M."]
[Black "Curtis, J AUS."]
[Result "1-0"]
[WhiteElo "2341"]
[BlackElo "2292"]
[PlyCount "110"]
[EventDate "2021.01.12"]
[SourceTitle "The Week in Chess 1367"]
[Source "Mark Crowther"]
[SourceDate "2021.01.18"]
[SourceVersion "1"]
[SourceVersionDate "2021.01.18"]
[SourceQuality "2"]

1. e4 e5 2. Nf3 Nc6 3. c3 Nf6 4. d4 d6 5. Be2 Be7 6. O-O O-O 7. Qd3 exd4 8.
cxd4 d5 9. e5 Ne4 10. Nc3 Bf5 11. Qb5 Nxc3 12. bxc3 Rb8 13. Bd3 a6 14. Qb1 Bxd3
15. Qxd3 Qd7 16. Bg5 Na5 17. Bxe7 Qxe7 18. Nd2 b5 19. f4 f5 20. a4 Nc4 21. axb5
Nxd2 22. Qxd2 axb5 23. Ra7 Ra8 24. Rfa1 Rxa7 25. Rxa7 Qd7 26. Qa2 Qc6 27. Qa5
Rc8 28. Qb4 Kf7 29. Kf2 Qc4 30. Ra5 Qxb4 31. cxb4 Rb8 32. Ra7 Rc8 33. h3 Ke6
34. g4 g6 35. Kg3 h6 36. Kh4 fxg4 37. hxg4 Kd7 38. f5 gxf5 39. gxf5 Rg8 40. Ra6
Rg1 41. Rxh6 Rd1 42. Rh7+ Kc6 43. f6 Rxd4+ 44. Kg5 Re4 45. Kf5 Re1 46. e6 Kd6
47. Rd7+ Kc6 48. Rd8 Rf1+ 49. Kg6 d4 50. Rxd4 Rg1+ 51. Kf7 Kb6 52. e7 c5 53.
Rd6+ Kc7 54. bxc5 b4 55. e8=Q Rg7+ 1-0

[Event "1st Cappelle Online Blitz"]
[Site "Europe-Echecs INT"]
[Date "2021.01.10"]
[Round "5"]
[White "Jobava, Ba"]
[Black "Sonis, Francesco"]
[Result "1-0"]
[WhiteElo "2603"]
[BlackElo "2483"]
[PlyCount "187"]
[EventDate "2021.01.10"]
[EventType "blitz"]
[SourceTitle "The Week in Chess 1366"]
[Source "Mark Crowther"]
[SourceDate "2021.01.11"]
[SourceVersion "2"]
[SourceVersionDate "2021.01.12"]
[SourceQuality "2"]

1. e4 e5 2. Nf3 Nc6 3. c3 Nf6 4. d3 d6 5. Be2 g6 6. a4 Bg7 7. a5 a6 8. O-O O-O
9. Nbd2 h6 10. Re1 Re8 11. Bf1 Be6 12. h3 Qd7 13. Nc4 Rad8 14. Ncd2 Kh7 15. Qc2
Nh5 16. b4 d5 17. Nb3 Qd6 18. Nc5 Bc8 19. Ba3 Qf6 20. exd5 Rxd5 21. Ne4 Qd8 22.
c4 Nd4 23. Nxd4 Rxd4 24. Bb2 Rd7 25. b5 Nf4 26. Rad1 Ne6 27. Qb1 Nd4 28. Nc5
Rd6 29. Ne4 Rd7 30. Ba3 axb5 31. Nc5 Rd6 32. cxb5 Rd5 33. b6 cxb6 34. axb6 Bf8
35. Rc1 Qh4 36. Re3 Nf5 37. Re4 Qf6 38. Rec4 Nd6 39. Ne4 Nxe4 40. dxe4 Rdd8 41.
Bxf8 Rxf8 42. Qb2 Qf4 43. g3 Qf6 44. Rc7 Kg7 45. h4 g5 46. h5 g4 47. R1c5 Rfe8
48. Rd5 Rxd5 49. exd5 Rd8 50. Bc4 Bf5 51. d6 Be6 52. Qb4 Bxc4 53. Qxc4 Rxd6 54.
Qxg4+ Qg5 55. Qxg5+ hxg5 56. Rxb7 g4 57. Rb8 Rd1+ 58. Kg2 Rb1 59. b7 Kh7 60.
Re8 Rxb7 61. Rxe5 Rb4 62. Rf5 Kg7 63. f3 gxf3+ 64. Kxf3 f6 65. g4 Rb3+ 66. Kf4
Rb4+ 67. Kg3 Rb3+ 68. Rf3 Rb1 69. Re3 Kh6 70. Re8 Rb4 71. Kf3 Ra4 72. Rf8 Kg7
73. Re8 Kh6 74. Rg8 Kh7 75. Rg6 Ra1 76. Ke4 Rf1 77. Kd5 f5 78. g5 Re1 79. Rf6
Kg7 80. Rxf5 Rh1 81. g6 Rh2 82. Ke6 Re2+ 83. Re5 Rf2 84. Ke7 Rf1 85. Kd8 Rd1+
86. Ke8 Kh6 87. Kf8 Rf1+ 88. Kg8 Ra1 89. Re7 Ra8+ 90. Kf7 Rb8 91. g7 Kh7 92. h6
Ra8 93. Re8 Ra7+ 94. Kf8 1-0

[Event "PNWCC WOW Open"]
[Site "chess.com INT"]
[Date "2020.12.27"]
[Round "5.3"]
[White "Jobava, Ba"]
[Black "Martirosyan, Haik M."]
[Result "1/2-1/2"]
[WhiteElo "2603"]
[BlackElo "2622"]
[PlyCount "73"]
[EventDate "2020.12.26"]
[SourceTitle "The Week in Chess 1365"]
[Source "Mark Crowther"]
[SourceDate "2021.01.04"]
[SourceVersion "1"]
[SourceVersionDate "2021.01.04"]
[SourceQuality "2"]

1. e4 e5 2. Nf3 Nc6 3. c3 d5 4. d3 dxe4 5. dxe4 Qxd1+ 6. Kxd1 Bc5 7. Ke1 a5 8.
a4 f6 9. Na3 Bxa3 10. Rxa3 Be6 11. Be3 Nge7 12. Bb5 Kf7 13. Ke2 Rhd8 14. Rc1
Na7 15. Bd3 Nac8 16. Nd2 Nd6 17. b4 f5 18. exf5 Bxf5 19. Bxf5 Nexf5 20. b5 Nxe3
21. fxe3 Ke6 22. c4 h6 23. Rd3 Ne8 24. Rxd8 Rxd8 25. c5 Nf6 26. Nc4 Ra8 27. b6
cxb6 28. Nxb6 Rf8 29. c6 bxc6 30. Rxc6+ Kf5 31. Nc4 Ne4 32. Kd3 Rd8+ 33. Kc2
Rb8 34. Nb6 Rd8 35. Nc4 Rb8 36. Nb6 Rd8 37. Nc4 1/2-1/2

[Event "ch-ISL Rapid 2020"]
[Site "Tornelo INT"]
[Date "2020.12.26"]
[Round "2.10"]
[White "Thorgeirsson, Jon Kristinn"]
[Black "Magnusson, Thorsteinn"]
[Result "1-0"]
[WhiteElo "2255"]
[BlackElo "1643"]
[PlyCount "53"]
[EventDate "2020.12.26"]
[EventType "rapid"]

1. e4 e5 2. Nf3 Nc6 3. c3 d6 4. Bb5 Bg4 5. d4 exd4 6. cxd4 a6 7. Bxc6+ bxc6 8.
Qc2 Qd7 9. Nfd2 Nf6 10. O-O Be7 11. Nc3 O-O 12. f3 Bh5 13. Nc4 a5 14. a4 Bg6
15. Qf2 Rfe8 16. Bg5 Nd5 17. Bxe7 Nxe7 18. Rae1 Nc8 19. f4 Nb6 20. Nxb6 cxb6
21. f5 Bh5 22. Qh4 g6 23. g4 Qe7 24. f6 Qe6 25. gxh5 Qb3 26. hxg6 hxg6 27. Qh6
1-0

[Event "Titled Tuesday 22nd Dec"]
[Site "chess.com INT"]
[Date "2020.12.22"]
[Round "9"]
[White "Cagara, P."]
[Black "Harris, I."]
[Result "1-0"]
[WhiteElo "2027"]
[BlackElo "2181"]
[PlyCount "105"]
[EventDate "2020.12.22"]

1. e4 e5 2. Nf3 Nc6 3. c3 d5 4. Qa4 Bd7 5. exd5 Nd4 6. Qd1 Nxf3+ 7. Qxf3 f5 8.
c4 Nf6 9. Be2 Bc5 10. O-O O-O 11. d3 c6 12. Nc3 cxd5 13. Nxd5 Bc6 14. Nxf6+
Qxf6 15. Qg3 f4 16. Qg4 Rad8 17. Bf3 Rxd3 18. Bxc6 bxc6 19. b4 Bd4 20. Rb1 f3
21. g3 a6 22. Bb2 Rd2 23. Bxd4 exd4 24. a4 Ra2 25. b5 Rxa4 26. bxc6 Qxc6 27.
Qxd4 Rxc4 28. Qd2 h6 29. Rfe1 Rc8 30. Rbd1 Kh8 31. Qd3 a5 32. Ra1 a4 33. Ra3
Rc3 34. Rxc3 Qxc3 35. Re8+ Rxe8 36. Qxc3 Ra8 37. Qxf3 Ra7 38. Qe3 Ra8 39. Qa3
Kg8 40. Kg2 Kh7 41. h4 h5 42. f3 Kh6 43. Kh3 g6 44. g4 hxg4+ 45. fxg4 Ra5 46.
Qe3+ Kh7 47. Qe7+ Kh6 48. Qf8+ Kh7 49. Qf7+ Kh8 50. Qe8+ Kh7 51. Qd7+ Kg8 52.
Qd8+ Kg7 53. Qxa5 1-0

[Event "Titled Tuesday 22nd Dec"]
[Site "chess.com INT"]
[Date "2020.12.22"]
[Round "5"]
[White "Karthikeyan, M2."]
[Black "Deepan, C."]
[Result "0-1"]
[WhiteElo "2606"]
[BlackElo "2535"]
[PlyCount "76"]
[EventDate "2020.12.22"]

1. e4 e5 2. Nf3 Nc6 3. c3 d5 4. Qa4 dxe4 5. Nxe5 Qd5 6. f4 exf3 7. Nxf3 Bd7 8.
Qc4 Qe6+ 9. Qxe6+ Bxe6 10. Ng5 Bf5 11. Bc4 Bg6 12. O-O Nf6 13. d4 Be7 14. Bf4
h6 15. Nf3 O-O-O 16. Nbd2 Nd5 17. Ne5 Nxe5 18. Bxe5 Ne3 19. Bxf7 Nxf1 20. Rxf1
Bxf7 21. Rxf7 Bd6 22. Bxg7 Rh7 23. Ne4 Rg8 24. Nxd6+ cxd6 25. Rf8+ Rxf8 26.
Bxf8 d5 27. g4 Kd7 28. Kg2 Rh8 29. Bg7 Re8 30. Kf3 Re6 31. h4 Rg6 32. Be5 Rb6
33. Bf4 Rxb2 34. Bxh6 Rxa2 35. h5 Ra1 36. Bf4 a5 37. h6 Ke6 38. Kg2 Kf7 0-1

[Event "Titled Tuesday 22nd Dec"]
[Site "chess.com INT"]
[Date "2020.12.22"]
[Round "4"]
[White "Prohorov, Olexandr"]
[Black "Mouhamad, J."]
[Result "0-1"]
[WhiteElo "2086"]
[BlackElo "2239"]
[PlyCount "144"]
[EventDate "2020.12.22"]

1. e4 e5 2. Nf3 Nc6 3. c3 Nf6 4. d4 exd4 5. e5 Ne4 6. cxd4 d5 7. Nc3 Bb4 8. Qb3
O-O 9. Bd3 Bg4 10. Be3 Kh8 11. h3 Bxf3 12. gxf3 Ng5 13. Ke2 Ne6 14. Qxd5 Ncxd4+
15. Bxd4 Nxd4+ 16. Ke3 Qe7 17. Qe4 g6 18. Nd5 Nf5+ 19. Ke2 Qd7 20. Nxb4 Rad8
21. Rad1 Rfe8 22. f4 Qe7 23. Nd5 Qh4 24. Nf6 Re7 25. Bc4 Rf8 26. Rhg1 Qxf6 27.
exf6 Rxe4+ 28. Kd3 Rxf4 29. Kc3 Nd6 30. b3 Rxf6 31. Rge1 Rxf2 32. Re7 Rc8 33.
Rde1 Kg7 34. a4 Rf3+ 35. Kb4 b6 36. Bd5 a5+ 37. Ka3 Rd3 38. Bc6 Nc4+ 39. Ka2
Rd2+ 40. Ka1 Na3 41. Rf1 Rf8 42. Be8 Nc2+ 43. Kb1 Nb4 44. Rfxf7+ Rxf7 45. Rxf7+
Kh6 46. Rxc7 Rd3 47. Rb7 Rxb3+ 48. Kc1 Rxh3 49. Rxb6 Rh2 50. Rb5 g5 51. Rxa5
Nd3+ 52. Kd1 g4 53. Ra6+ Kg5 54. Bd7 g3 55. Ra8 g2 56. Rg8+ Kf4 57. Bc6 Rh1+
58. Kd2 g1=Q 59. Rxg1 Rxg1 60. Kxd3 Rg3+ 61. Kd4 Ra3 62. Kc4 h5 63. Kb5 h4 64.
a5 h3 65. a6 h2 66. Kb6 Rb3+ 67. Kc7 Rc3 68. a7 Rxc6+ 69. Kb7 h1=Q 70. a8=Q
Rb6+ 71. Kxb6 Qxa8 72. Kb5 Qe4 0-1

[Event "Titled Tuesday 22nd Dec"]
[Site "chess.com INT"]
[Date "2020.12.22"]
[Round "2"]
[White "Cagara, P."]
[Black "Kamsky, G."]
[Result "0-1"]
[WhiteElo "2027"]
[BlackElo "2665"]
[PlyCount "68"]
[EventDate "2020.12.22"]

1. e4 e5 2. Nf3 Nc6 3. c3 Nf6 4. d4 Nxe4 5. d5 Ne7 6. Nxe5 Ng6 7. Qd4 Nxe5 8.
Qxe4 Qe7 9. Be3 Ng6 10. Bd3 Qxe4 11. Bxe4 d6 12. O-O Be7 13. Nd2 O-O 14. Bd4
Bd7 15. Rae1 Rfe8 16. Bd3 Nf4 17. Bc4 b5 18. Bb3 a5 19. Bc2 Nxd5 20. Be4 Bc6
21. c4 bxc4 22. Nxc4 Nb4 23. Bb1 Bb5 24. b3 a4 25. Re3 axb3 26. axb3 Bf8 27.
Rh3 g6 28. f4 d5 29. f5 Bg7 30. fxg6 fxg6 31. Bxg7 Kxg7 32. Rhf3 Re7 33. Ne3
Bxf1 34. Rxf1 Rxe3 0-1

[Event "Titled Tuesday 15th Dec"]
[Site "chess.com INT"]
[Date "2020.12.15"]
[Round "10"]
[White "Cagara, P."]
[Black "Zhou, Qiyu"]
[Result "1-0"]
[WhiteElo "2027"]
[BlackElo "2229"]
[PlyCount "73"]
[EventDate "2020.12.15"]
[SourceTitle "The Week in Chess 1363"]
[Source "Mark Crowther"]
[SourceDate "2020.12.21"]
[SourceVersion "1"]
[SourceVersionDate "2020.12.21"]
[SourceQuality "2"]

1. e4 e5 2. Nf3 Nc6 3. c3 Nf6 4. d4 exd4 5. e5 Ne4 6. Qe2 Nc5 7. cxd4 Na6 8. d5
Bb4+ 9. Nc3 Ne7 10. Qe4 O-O 11. Bxa6 Bxc3+ 12. bxc3 bxa6 13. O-O d6 14. Bg5
dxe5 15. Bxe7 Qxe7 16. Qxe5 Re8 17. Qd4 Bf5 18. h3 Bg6 19. Rfe1 Qd6 20. c4 h6
21. c5 Qd7 22. Rac1 Qf5 23. d6 cxd6 24. cxd6 Red8 25. Re5 Qd7 26. Rd5 Rac8 27.
Rxc8 Rxc8 28. Kh2 Bf5 29. Ne5 Qe6 30. d7 Rd8 31. Rd6 Qe7 32. Nc6 Qg5 33. Nxd8
Qxd8 34. Qe5 Bxd7 35. g3 Qc8 36. Qe7 Bxh3 37. Rd8+ 1-0

[Event "Titled Tuesday 15th Dec"]
[Site "chess.com INT"]
[Date "2020.12.15"]
[Round "6"]
[White "Abrashkin, B."]
[Black "Hristodorescu, D."]
[Result "0-1"]
[WhiteElo "2407"]
[BlackElo "2211"]
[PlyCount "144"]
[EventDate "2020.12.15"]
[SourceTitle "The Week in Chess 1363"]
[Source "Mark Crowther"]
[SourceDate "2020.12.21"]
[SourceVersion "1"]
[SourceVersionDate "2020.12.21"]
[SourceQuality "2"]

1. e4 e5 2. Nf3 Nc6 3. c3 d5 4. Qa4 Qd6 5. d4 Bd7 6. Bb5 exd4 7. exd5 Qxd5 8.
O-O a6 9. Bc4 Qh5 10. Re1+ Be7 11. cxd4 Nxd4 12. Bxf7+ Qxf7 13. Qxd4 O-O-O 14.
Qa7 c6 15. Nc3 Bd6 16. Na4 Bb8 17. Qc5 Bc7 18. Nb6+ Bxb6 19. Qxb6 Ne7 20. Rxe7
Qxe7 21. Bf4 Bg4 22. Re1 Bxf3 23. gxf3 Qxe1+ 24. Kg2 Qe7 25. Qa7 Kd7 26. Qxb7+
Ke6 27. Qxc6+ Kf7 28. Qc4+ Qe6 29. Qc7+ Rd7 30. Qc3 Re8 31. Bg3 Qf6 32. Qc2 Qe6
33. Qxh7 Qg6 34. Qh4 Kg8 35. Qh3 Rf7 36. Qh4 Ref8 37. f4 Qe4+ 38. Kg1 Rxf4 39.
Qg5 Rxf2 40. Bxf2 Qb1+ 41. Kg2 Qf5 42. Qg3 Qe4+ 43. Kg1 Qf3 44. Qxf3 Rxf3 45.
Bd4 Rf5 46. Bc3 Kf7 47. a3 g6 48. Kg2 Ke6 49. Kg3 Kd5 50. Kg4 Ke4 51. h4 a5 52.
Bg7 a4 53. Bc3 Rf1 54. Bg7 Rg1+ 55. Kh3 Kf3 56. Kh2 Rg2+ 57. Kh3 Rg3+ 58. Kh2
Kg4 59. Bf6 Rh3+ 60. Kg2 Rxh4 61. Bxh4 Kxh4 62. Kh2 Kg4 63. Kg2 Kf4 64. Kf2 g5
65. Kg2 g4 66. Kf2 g3+ 67. Kg2 Kg4 68. Kg1 Kf3 69. Kf1 g2+ 70. Kg1 Kg3 71. b4
axb3 72. a4 b2 0-1

[Event "Titled Tuesday 15th Dec"]
[Site "chess.com INT"]
[Date "2020.12.15"]
[Round "3"]
[White "Abrashkin, B."]
[Black "Vajda, Le"]
[Result "0-1"]
[WhiteElo "2407"]
[BlackElo "2534"]
[PlyCount "170"]
[EventDate "2020.12.15"]
[SourceTitle "The Week in Chess 1363"]
[Source "Mark Crowther"]
[SourceDate "2020.12.21"]
[SourceVersion "1"]
[SourceVersionDate "2020.12.21"]
[SourceQuality "2"]

1. e4 e5 2. Nf3 Nc6 3. c3 Nf6 4. d4 d6 5. dxe5 Nxe5 6. Nxe5 dxe5 7. Qxd8+ Kxd8
8. Bg5 c6 9. Bc4 Be6 10. Bxe6 fxe6 11. f3 Kc7 12. Nd2 b5 13. Be3 Be7 14. Ke2 a5
15. g4 a4 16. a3 Nd7 17. Bf2 Bg5 18. Nf1 Nb6 19. Be3 Bf4 20. Nd2 Rad8 21. Rad1
Rhf8 22. h4 Bxe3 23. Kxe3 Rf7 24. Ke2 Rfd7 25. h5 Rd3 26. Rhf1 R8d7 27. Rh1 Kd8
28. Rhf1 Ke8 29. g5 Ke7 30. Rh1 Kf7 31. Rhg1 g6 32. h6 Ke7 33. Rgf1 Rd8 34. Rg1
R8d7 35. Rgf1 Kd8 36. Rg1 Kc7 37. Rgf1 Rd8 38. Rg1 R3d7 39. Rgf1 Rf8 40. Rf2
Rf4 41. Rg1 Rh4 42. Ke3 Rh3 43. Rgg2 Rf7 44. Ke2 Rf4 45. Rg1 Kd6 46. Rgg2 Ke7
47. Rg1 Rfh4 48. Rgg2 Rh1 49. Rf1 Rxf1 50. Kxf1 Rh1+ 51. Rg1 Rh2 52. Rg2 Rh1+
53. Rg1 Rh3 54. Rg2 Rh4 55. Ke2 Rh1 56. Kd3 Kd6 57. Kc2 Kc5 58. Rf2 Rh4 59. Nf1
Nc4 60. Nd2 Nb6 61. Nf1 Nc4 62. Nd2 Nd6 63. Kd3 Rf4 64. Ke3 Kb6 65. Rf1 c5 66.
Rd1 Kc6 67. Rf1 Rh4 68. Rg1 Rh3 69. Rf1 Kb6 70. Rg1 Kc7 71. Rg2 Kd7 72. Nf1 Ke7
73. Kd3 Nc4 74. Ke2 Nxb2 75. Ne3 Rh1 76. Kf2 Nd3+ 77. Kg3 Nf4 78. Rd2 Rh3+ 79.
Kf2 Rh2+ 80. Ke1 Rxd2 81. Kxd2 Nh3 82. c4 b4 83. axb4 cxb4 84. c5 Nxg5 85. Ke2
a3 0-1

[Event "Titled Tuesday 15th Dec"]
[Site "chess.com INT"]
[Date "2020.12.15"]
[Round "3"]
[White "Jobava, Ba"]
[Black "Wagner, De"]
[Result "1-0"]
[WhiteElo "2603"]
[BlackElo "2581"]
[PlyCount "103"]
[EventDate "2020.12.15"]
[SourceTitle "The Week in Chess 1363"]
[Source "Mark Crowther"]
[SourceDate "2020.12.21"]
[SourceVersion "1"]
[SourceVersionDate "2020.12.21"]
[SourceQuality "2"]

1. e4 e5 2. Nf3 Nc6 3. c3 d5 4. d3 Nf6 5. Qc2 a5 6. Be2 Bc5 7. O-O O-O 8. a4 h6
9. h3 Re8 10. Re1 Be6 11. Na3 Qd7 12. Nb5 Rad8 13. Bf1 Bb6 14. Be3 Bxe3 15.
Rxe3 dxe4 16. dxe4 Nh5 17. Rd3 Qe7 18. Rxd8 Rxd8 19. Rd1 Nf4 20. Rxd8+ Qxd8 21.
Qd2 Qe7 22. Qd1 Ng6 23. Na3 Qc5 24. Nd2 b6 25. Bc4 Nd8 26. b4 axb4 27. Nb3 Qe7
28. cxb4 Nf4 29. a5 Qg5 30. Qf3 Nxh3+ 31. Kf1 Nf4 32. a6 Nc6 33. b5 Bxc4+ 34.
Nxc4 Na7 35. g3 Ne6 36. Qf5 Nxb5 37. Nxe5 Qxf5 38. exf5 Nc5 39. Nxc5 bxc5 40.
Nc6 g6 41. fxg6 fxg6 42. Ke2 Kf7 43. Kd3 Ke6 44. Kc4 Nd6+ 45. Kxc5 Nc8 46. a7
Nb6 47. f4 g5 48. Nd4+ Kd7 49. f5 g4 50. f6 h5 51. Nf5 Na8 52. f7 1-0